Unfair terms in contracts (Record no. 104649)

MARC details
000 -LEADER
fixed length control field 01054cab a2200229 4500
001 - CONTROL NUMBER
control field ##L131150
008 - FIXED-LENGTH DATA ELEMENTS--GENERAL INFORMATION
fixed length control field 110922n2005 000 0 eng u
035 ## - SYSTEM CONTROL NUMBER
System control number (Sirsi) u131150
041 0# - LANGUAGE CODE
Language code of text/sound track or separate title eng
110 2# - MAIN ENTRY--CORPORATE NAME
Corporate name or jurisdiction name as entry element England and Wales
Subordinate unit Law Commission
9 (RLIN) 3302
245 ## - TITLE STATEMENT
Title Unfair terms in contracts
Remainder of title report on a reference under section 3(1)(e) of the Law Commissions Act 1965
260 ## - PUBLICATION, DISTRIBUTION, ETC.
Date of publication, distribution, etc. 2005
490 ## - SERIES STATEMENT
Series statement Law Commission Report
Volume/sequential designation 292
490 ## - SERIES STATEMENT
Series statement Scottish Law Commission
Volume/sequential designation 199
520 ## - SUMMARY, ETC.
Summary, etc. Warns that existing legislation is complex and confusing for even specialist legal professionals and proposes a single unified regime for the whole of the UK.
650 24 - SUBJECT ADDED ENTRY--TOPICAL TERM
Topical term or geographic name entry element UNFAIR CONTRACT TERMS ACT 1977
650 24 - SUBJECT ADDED ENTRY--TOPICAL TERM
Topical term or geographic name entry element UNFAIR TERMS IN CONSUMER CONTRACTS REGULATIONS 1999
690 ## - LOCAL SUBJECT ADDED ENTRY--TOPICAL TERM (OCLC, RLIN)
Topical term or geographic name as entry element MANAGEMENT-BUSINESS MANAGEMENT-CUSTOMER RELATIONSHIP MANAGEMENT
710 2# - ADDED ENTRY--CORPORATE NAME
Corporate name or jurisdiction name as entry element Scottish Law Commission
9 (RLIN) 1410
856 40 - ELECTRONIC LOCATION AND ACCESS
Uniform Resource Identifier <a href="https://www.justice.gov.uk/lawcommission/docs/lc292_Unfair_Terms_In_Contracts.pdf">https://www.justice.gov.uk/lawcommission/docs/lc292_Unfair_Terms_In_Contracts.pdf</a>
Public note View the report free of charge at www.justice.gov.uk
942 ## - ADDED ENTRY ELEMENTS (KOHA)
Suppress in OPAC 0
Holdings
Withdrawn status Lost status Source of classification or shelving scheme Damaged status Not for loan Home library Current library Shelving location Date acquired Total Checkouts Full call number Barcode Date last seen Copy number Price effective from Koha item type
    Dewey Decimal Classification     Virtual Virtual Online 04/10/2005   L131150 131150-1001 06/08/2019 1 06/08/2019 Book